Pirates of the purple dawn / (Record no. 21540)
[ view plain ]
| 000 -LEADER | |
|---|---|
| fixed length control field | 02881nam a22004457a 4500 |
| 005 - DATE AND TIME OF LATEST TRANSACTION | |
| control field | 20090120105610.0 |
| 008 - FIXED-LENGTH DATA ELEMENTS--GENERAL INFORMATION | |
| fixed length control field | 090120t xxu||||| |||| 00| 0 eng d |
| 010 ## - LCCN (DPL NO) | |
| LC control number | B-345482-488 |
| 020 ## - INTERNATIONAL STANDARD BOOK NUMBER | |
| International Standard Book Number | 0439902509 |
| Terms of availability | 110.00 |
| 020 ## - INTERNATIONAL STANDARD BOOK NUMBER | |
| International Standard Book Number | 9780439902502 |
| Terms of availability | 110.00 |
| 035 ## - SYSTEM CONTROL NUMBER | |
| System control number | B-345482-488 |
| 037 ## - SOURCE OF ACQUISITION | |
| Source of stock number/acquisition | Tarun Books |
| 040 ## - CATALOGING SOURCE | |
| Original cataloging agency | DPL |
| Language of cataloging | English |
| 082 ## - DEWEY DECIMAL CLASSIFICATION NUMBER | |
| Classification number | S |
| 100 ## - MAIN ENTRY--PERSONAL NAME | |
| Personal name | Abbott, Tony |
| 245 ## - TITLE STATEMENT | |
| Title | Pirates of the purple dawn / |
| Statement of responsibility, etc | by Tony Abbott; illustrated by Royce Fitzgerald |
| 260 ## - PUBLICATION, DISTRIBUTION, ETC. (IMPRINT) | |
| Place of publication, distribution, etc | New York |
| Name of publisher, distributor, etc | Scholastic |
| Date of publication, distribution, etc | 2008(repr.). |
| 270 ## - ADDRESS | |
| Address | 557 Broadway |
| City | New York |
| Postal code | NY 10012 |
| 300 ## - PHYSICAL DESCRIPTION | |
| Extent | 124p.: |
| Other physical details | ill. |
| Dimensions | 20cm(pbk) |
| 490 ## - SERIES STATEMENT | |
| Series statement | Secrets of Droon |
| Volume number/sequential designation | 29 |
| 520 ## - SUMMARY, ETC. | |
| Summary, etc | Everything in Droon is changing. Lord Sparr has disappeared. Ko and Gethwing have fled to the Dark Lands. And an old villain is back -- Ving, leader of the Hawk Bandits! This time, he has his twin sister in tow, along with her band of wicked pirates. Arrr |
| 650 ## - SUBJECT ADDED ENTRY--TOPICAL TERM | |
| Topical term or geographic name as entry element | Droon (Imaginary place) |
| Form subdivision | Juvenile fiction. |
| 650 ## - SUBJECT ADDED ENTRY--TOPICAL TERM | |
| Topical term or geographic name as entry element | Wizards |
| Form subdivision | Juvenile fiction. |
| 650 ## - SUBJECT ADDED ENTRY--TOPICAL TERM | |
| Topical term or geographic name as entry element | Magic |
| Form subdivision | Fiction. |
| 650 ## - SUBJECT ADDED ENTRY--TOPICAL TERM | |
| Topical term or geographic name as entry element | Droon (Imaginary place) |
| Form subdivision | Fiction. |
| 650 ## - SUBJECT ADDED ENTRY--TOPICAL TERM | |
| Topical term or geographic name as entry element | Wizards |
| Form subdivision | Fiction. |
| 655 ## - INDEX TERM--GENRE/FORM | |
| Genre/form data or focus term | Children's stories. |
| Source of term | lcsh |
| 655 ## - INDEX TERM--GENRE/FORM | |
| Genre/form data or focus term | Fantasy fiction. |
| Source of term | gsafd |
| 700 ## - ADDED ENTRY--PERSONAL NAME | |
| Personal name | Fitzgerald, Royce |
| 942 ## - ADDED ENTRY ELEMENTS (KOHA) | |
| Source of classification or shelving scheme | Dewey Decimal Classification |
| Item type | Children Books |
| Classification part | S |
| Call number suffix | ABB |
| Withdrawn status | Lost status | Source of classification or shelving scheme | Damaged status | Not for loan | Collection code | Home library | Current library | Date acquired | Source of acquisition | Cost, normal purchase price | Total Checkouts | Full call number | Barcode | Date last seen | Copy number | Cost, replacement price | Koha item type | Total Renewals |
|---|---|---|---|---|---|---|---|---|---|---|---|---|---|---|---|---|---|---|
| Dewey Decimal Classification | Fiction | Central Library | Central Library | 29/09/2009 | Tarun Books/3947/21.5.09/13/23.4.09/4.7.09 | 110.00 | 3 | S ABB | B-345482 | 24/07/2023 | 1 | 110.00 | Children Books | |||||
| Dewey Decimal Classification | Fiction | Jor Bagh (Children Lib) | Jor Bagh (Children Lib) | 29/09/2009 | Tarun Books/3947/21.5.09/13/23.4.09/4.7.09 | 110.00 | S ABB | B-345485 | 29/09/2009 | 1 | 110.00 | Children Books | ||||||
| Dewey Decimal Classification | Fiction | Karol Bagh | Karol Bagh | 29/09/2009 | Tarun Books/3947/21.5.09/13/23.4.09/4.7.09 | 110.00 | S ABB | B-345487 | 29/09/2009 | 1 | 110.00 | Children Books | ||||||
| Dewey Decimal Classification | Fiction | Patel Nagar | Patel Nagar | 29/09/2009 | Tarun Books/3947/21.5.09/13/23.4.09/4.7.09 | 110.00 | S ABB | B-345483 | 29/09/2009 | 1 | 110.00 | Children Books | ||||||
| Dewey Decimal Classification | Fiction | Sarojini Nagar | Sarojini Nagar | 29/09/2009 | Tarun Books/3947/21.5.09/13/23.4.09/4.7.09 | 110.00 | S ABB | B-345484 | 29/09/2009 | 1 | 110.00 | Children Books | ||||||
| Lost and Paid For | Dewey Decimal Classification | Fiction | Shahdara Branch | Shahdara Branch | 29/09/2009 | Tarun Books/3947/21.5.09/13/23.4.09/4.7.09 | 110.00 | S ABB | B-345488 | 29/09/2009 | 1 | 110.00 | Children Books | |||||
| Dewey Decimal Classification | Fiction | Vinoba Puri | Vinoba Puri | 29/09/2009 | Tarun Books/3947/21.5.09/13/23.4.09/4.7.09 | 110.00 | 6 | S ABB | B-345486 | 20/09/2012 | 1 | 110.00 | Children Books | 2 |
